| 000 | 00643nam a2200253 a 4500 | ||
|---|---|---|---|
| 999 |
_c19901 _d19900 |
||
| 005 | 20180203105159.0 | ||
| 008 | 960221s1955 dcuabcdjdbkoqu001 0deng d | ||
| 080 |
_aF _bMORR/B |
||
| 100 |
_aMorrison, Toni _913451 |
||
| 245 | _aBeloved | ||
| 260 |
_aNew York _bPenguin _c1987 |
||
| 300 | _a338p. | ||
| 500 | _a | ||
| 653 |
_aEnglish _aEnglish Literature _aLiterature _aFiction |
||
| 942 | _cBK | ||
| 003 | ViArRB | ||